Advances in laboratory automation robotics 1986 /

Bibliographic Details
Corporate Author: International Symposium on Laboratory Robotics
Other Authors: Strimaitis, Janet R., Hawk, Gerald L.
Format: Conference Proceeding Book
Language:English
Published: Hopkinton, Mass. : Zymark Corp., [1987]
Subjects:

MARC

Tag First Indicator Second Indicator Subfields
LEADER 00000cam a2200000 a 4500
001 in00000032992
005 20151007055100.0
008 870624s1987 maua b 10100 eng d
020 |a 0931565022 
035 |a (OCoLC)16067381 
035 |9 AAB7197AM 
040 |a PFI  |c PFI  |d OCL  |d TXA  |d UtOrBLW 
049 |a TXAM  |c [A11115124] 
050 4 |a QD75.4.A8  |b A3 1986 
245 0 0 |a Advances in laboratory automation robotics 1986 /  |c edited by Janet R. Strimaitis and Gerald L. Hawk. 
264 1 |a Hopkinton, Mass. :  |b Zymark Corp.,  |c [1987] 
264 4 |c ©1987 
300 |a viii, 630 pages :  |b illustrations ;  |c 24 cm. 
336 |a text  |b txt  |2 rdacontent 
337 |a unmediated  |b n  |2 rdamedia 
338 |a volume  |b nc  |2 rdacarrier 
500 |a "... selected papers presented at the Fourth International Symposium on Laboratory Robotics - 1986, held at the Boston Park Plaza Hotel." 
504 |a Includes bibliographical references and index. 
650 0 |a Laboratories  |x Automation  |x Congresses. 
650 0 |a Robots, Industrial  |v Congresses. 
711 2 |a International Symposium on Laboratory Robotics  |n (4th :  |d 1986 :  |c Boston, Mass.) 
700 1 |a Strimaitis, Janet R. 
700 1 |a Hawk, Gerald L. 
740 0 |a Robotics 1986. 
999 |a MARS 
999 f f |s be88f12d-a23a-36fc-8706-7bc22a53bfd4  |i cbef76d2-acc0-35bd-a7a5-b3934c2b7bf1  |t 0 
952 f f |p ric  |a Texas A&M University  |b Rellis Campus  |c Joint Library Facility  |d Remote Storage  |t 0  |e QD75.4.A8 A3 1986  |h Library of Congress classification  |i unmediated -- volume  |m A14811115124 
998 f f |a QD75.4.A8 A3 1986  |t 0  |l Remote Storage